000 00813nam a22002777a 4500
001 0007502
003 KOHA_MİRAKIL
005 20260207001600.0
007 ta
008 090929b1987 us |||gr||||#||||0|eng |
040 _aTR-BiSEU
_btur
_cTR-BiSEU
_erda
041 0 _aeng
044 _cus
050 _aTK7895
_b.J35 1987
100 1 _aJain, R.P..
245 1 _aDigital electronics and microprocessors :
_bproblems and solutions/
_cR.P. Jain ; R.P. Rain; edt. Vinay Mahtur.
264 1 _aNew Delhi :
_bTata McGraw -Hill
_c1987
300 _a524 sayfa: resimli
336 _ametin
_btxt
_2rdacontent
337 _aaracısız
_bn
_2rdamedia
338 _acilt
_bnc
_2rdacarrier
500 _aDizin var.
650 0 _aDigital electronics.
_92872
650 0 _aMicroprocessors.
_93379
942 _2lcc
_cBK
999 _c7480
_d7480